00362nam a2200157Ia 4500008004000000041000800040082001200048100001700060245003400077260004300111650001100154650001100165650001000176650001000186650000800196210210b1952 xxu||||| |||| 00| 0 eng d aeng a828/278 aHANSON (L E) aMarian Evans and George Eliot aLondonbOxford University Pressc1952 aMarian aGeorge aEvans aEliot aand